Every Block in Minecraft 1.16 Java Edition - Statistics

General Stats
  • This quiz has been taken 23 times
  • The average score is 183 of 497
Answer Stats
Answer % Correct
Grass
89%
Grass Block
89%
Dirt
83%
Stone
83%
Acacia Door
78%
Birch Door
78%
Dark Oak Door
78%
Gold Block
78%
Jungle Door
78%
Oak Door
78%
Spruce Door
78%
Water
78%
Wool
78%
Acacia Fence
72%
Birch Fence
72%
Birch Planks
72%
Birch Wood
72%
Cobblestone
72%
Dark Oak Fence
72%
Dark Oak Planks
72%
Diamond Block
72%
Glass
72%
Jungle Fence
72%
Jungle Planks
72%
Oak Fence
72%
Oak Planks
72%
Spruce Fence
72%
Spruce Planks
72%
Acacia Planks
67%
Acacia Wood
67%
Bricks
67%
Brick Stairs
67%
Crimson Door
67%
Crimson Fence
67%
Dark Oak Wood
67%
Diamond Ore
67%
Gravel
67%
Iron Block
67%
Iron Door
67%
Jungle Leaves
67%
Jungle Stairs
67%
Jungle Wood
67%
Lava
67%
Oak Leaves
67%
Oak Wood
67%
Obsidian
67%
Sand
67%
Spruce Leaves
67%
Spruce Wood
67%
Warped Door
67%
Warped Fence
67%
Acacia Leaves
61%
Acacia Stairs
61%
Bed
61%
Birch Leaves
61%
Birch Stairs
61%
Brick Slab
61%
Concrete
61%
Crimson Planks
61%
Dark Oak Leaves
61%
Dark Oak Stairs
61%
Dark Prismarine Stairs
61%
Jungle Slab
61%
Mossy Cobblestone
61%
Nether Brick Fence
61%
Oak Stairs
61%
Prismarine Brick Stairs
61%
Prismarine Stairs
61%
Purpur Stairs
61%
Quartz Stairs
61%
Redstone Ore
61%
Sandstone
61%
Spruce Stairs
61%
Warped Planks
61%
Acacia Pressure Plate
56%
Acacia Slab
56%
Acacia Trapdoor
56%
Andesite
56%
Andesite Slab
56%
Andesite Stairs
56%
Birch Pressure Plate
56%
Birch Slab
56%
Birch Trapdoor
56%
Blackstone Slab
56%
Blackstone Stairs
56%
Chest
56%
Cobblestone Slab
56%
Cobblestone Stairs
56%
Colored Terracotta
56%
Crimson Slab
56%
Crimson Stairs
56%
Cut Red Sandstone Slab
56%
Cut Sandstone Slab
56%
Dark Oak Log
56%
Dark Oak Pressure Plate
56%
Dark Oak Slab
56%
Dark Oak Trapdoor
56%
Dark Prismarine Slab
56%
Diorite Slab
56%
Diorite Stairs
56%
End Stone Brick Slab
56%
End Stone Brick Stairs
56%
Furnace
56%
Gold Ore
56%
Granite
56%
Granite Slab
56%
Granite Stairs
56%
Heavy Weighted Pressure Plate
56%
Ice
56%
Iron Ore
56%
Jungle Pressure Plate
56%
Jungle Trapdoor
56%
Light Weighted Pressure Plate
56%
Mossy Cobblestone Slab
56%
Mossy Cobblestone Stairs
56%
Mossy Stone Brick Slab
56%
Mossy Stone Brick Stairs
56%
Nether Brick Slab
56%
Nether Brick Stairs
56%
Netherrack
56%
Oak Log
56%
Oak Pressure Plate
56%
Oak Slab
56%
Oak Trapdoor
56%
Petrified Oak Slab
56%
Polished Andesite Slab
56%
Polished Andesite Stairs
56%
Polished Blackstone Brick Slab
56%
Polished Blackstone Brick Stairs
56%
Polished Blackstone Slab
56%
Polished Blackstone Stairs
56%
Polished Diorite Slab
56%
Polished Diorite Stairs
56%
Polished Granite Slab
56%
Polished Granite Stairs
56%
Prismarine Brick Slab
56%
Prismarine Slab
56%
Purpur Slab
56%
Quartz Slab
56%
Red Nether Brick Slab
56%
Red Nether Brick Stairs
56%
Red Sandstone Slab
56%
Red Sandstone Stairs
56%
Redstone Block
56%
Sandstone Slab
56%
Sandstone Stairs
56%
Smooth Quartz Slab
56%
Smooth Red Sandstone Slab
56%
Smooth Red Sandstone Stairs
56%
Smooth Sandstone Slab
56%
Smooth Sandstone Stairs
56%
Smooth Stone Slab
56%
Snow
56%
Spruce Log
56%
Spruce Pressure Plate
56%
Spruce Slab
56%
Spruce Trapdoor
56%
Stone Brick Slab
56%
Stone Brick Stairs
56%
Stone Pressure Plate
56%
Stone Slab
56%
Stone Stairs
56%
Terracotta
56%
Warped Slab
56%
Warped Stairs
56%
Acacia Button
50%
Acacia Log
50%
Birch Button
50%
Birch Log
50%
Crimson Pressure Plate
50%
Crimson Trapdoor
50%
Dark Oak Button
50%
Emerald Block
50%
End Stone
50%
Iron Trapdoor
50%
Jungle Button
50%
Jungle Log
50%
Lantern
50%
Lapis Lazuli Block
50%
Oak Button
50%
Polished Blackstone Pressure Plate
50%
Redstone Torch
50%
Soul Torch
50%
Spruce Button
50%
Torch
50%
Warped Pressure Plate
50%
Warped Trapdoor
50%
Blackstone
44%
Clay
44%
Coal Block
44%
Coal Ore
44%
Crimson Button
44%
Diorite
44%
Dispenser
44%
Glass Pane
44%
Prismarine
44%
Stone Button
44%
Warped Button
44%
Acacia Fence Gate
39%
Acacia Sign
39%
Anvil
39%
Bedrock
39%
Birch Fence Gate
39%
Birch Sapling
39%
Birch Sign
39%
Bookshelf
39%
Brain Coral
39%
Bubble Coral
39%
Chipped Anvil
39%
Coarse Dirt
39%
Concrete Powder
39%
Crafting Table
39%
Crimson Fence Gate
39%
Crimson Sign
39%
Damaged Anvil
39%
Dark Oak Fence Gate
39%
Dark Oak Sign
39%
Dark Prismarine
39%
Fire
39%
Fire Coral
39%
Glowstone
39%
Horn Coral
39%
Iron Bars
39%
Jungle Fence Gate
39%
Jungle Sapling
39%
Jungle Sign
39%
Lapis Lazuli Ore
39%
Oak Fence Gate
39%
Oak Sign
39%
Polished Andesite
39%
Polished Blackstone Button
39%
Polished Diorite
39%
Quartz Block
39%
Rail
39%
Red Sand
39%
Rose Bush
39%
Soul Sand
39%
Spruce Fence Gate
39%
Spruce Sign
39%
Stained Glass
39%
Tube Coral
39%
Warped Fence Gate
39%
Warped Sign
39%
Acacia Sapling
33%
Blast Furnace
33%
Blue Ice
33%
Carpet
33%
Cobblestone Wall
33%
Dandelion
33%
Dark Oak Sapling
33%
Dropper
33%
Ender Chest
33%
Glazed Terracotta
33%
Mossy Cobblestone Wall
33%
Mossy Stone Bricks
33%
Nether Bricks
33%
Nether Quartz Ore
33%
Oak Sapling
33%
Packed Ice
33%
Podzol
33%
Polished Blackstone
33%
Polished Granite
33%
Poppy
33%
Red Sandstone
33%
Sea Lantern
33%
Slime Block
33%
Smoker
33%
Spruce Sapling
33%
Stone Bricks
33%
TNT
33%
Barrier
28%
Basalt
28%
Brick Wall
28%
Brown Mushroom
28%
Campfire
28%
Cauldron
28%
Chiseled Red Sandstone
28%
Chiseled Sandstone
28%
Cut Red Sandstone
28%
Cut Sandstone
28%
Dragon Head
28%
Emerald Ore
28%
Enchanting Table
28%
Fletching Table
28%
Flower Pot
28%
Grass Path
28%
Honey Block
28%
Ladder
28%
Melon
28%
Mossy Cobblestone Wall
28%
Mushroom Stem
28%
Nether Wart Block
28%
Oxeye Daisy
28%
Pumpkin
28%
Purpur Block
28%
Purpur Pillar
28%
Quartz Pillar
28%
Red Mushroom
28%
Red Sandstone Wall
28%
Sandstone Wall
28%
Seagrass
28%
Smooth Sandstone
28%
Smooth Stone
28%
Soul Lantern
28%
Soul Soil
28%
Stone Brick Wall
28%
Trapped Chest
28%
Tripwire
28%
Twisting Vines
28%
Vines
28%
Weeping Vines
28%
Allium
22%
Andesite Wall
22%
Azure Bluet
22%
Beacon
22%
Beehive
22%
Bee Nest
22%
Blackstone Wall
22%
Blue Orchid
22%
Cactus
22%
Cartography Table
22%
Chain
22%
Chain Command Block
22%
Command Block
22%
Creeper Head
22%
Crying Obsidian
22%
Diorite Wall
22%
End Stone Brick Wall
22%
Farmland
22%
Fern
22%
Granite Wall
22%
Hay Bale
22%
Honeycomb Block
22%
Hopper
22%
Jack o'Lantern
22%
Kelp
22%
Lever
22%
Loom
22%
Mycelium
22%
Nether Brick Wall
22%
Netherite Block
22%
Orange Tulip
22%
Peony
22%
Pink Tulip
22%
Piston
22%
Player Head
22%
Polished Blackstone Brick Wall
22%
Polished Blackstone Wall
22%
Prismarine Bricks
22%
Prismarine Wall
22%
Red Nether Brick Wall
22%
Redstone Repeater
22%
Red Tulip
22%
Repeating Command Block
22%
Smooth Red Sandstone
22%
Stripped Acacia Log
22%
Stripped Birch Log
22%
Stripped Dark Oak Log
22%
Stripped Jungle Log
22%
Stripped Oak Log
22%
Stripped Spruce Log
22%
Sunflower
22%
Tall Grass
22%
Tripwire Hook
22%
White Tulip
22%
Zombie Head
22%
Activator Rail
17%
Ancient Debris
17%
Bamboo
17%
Banner
17%
Barrel
17%
Bell
17%
Bone Block
17%
Brown Mushroom Block
17%
Carved Pumpkin
17%
Chorus Flower
17%
Cocoa
17%
Cracked Stone Bricks
17%
Crimson Fungus
17%
Crimson Nylium
17%
Crimson Stem
17%
End Crystal
17%
End Portal Frame
17%
End Stone Bricks
17%
Gilded Blackstone
17%
Grindstone
17%
Jigsaw Block
17%
Jukebox
17%
Lectern
17%
Lilac
17%
Magma Block
17%
Nether Gold Ore
17%
Quartz Bricks
17%
Red Mushroom Block
17%
Redstone Comparator
17%
Redstone Lamp
17%
Shroomlight
17%
Skeleton Skull
17%
Soul Campfire
17%
Spawner
17%
Stained Glass Pane
17%
Sticky Piston
17%
Stonecutter
17%
Stripped Acacia Wood
17%
Stripped Birch Wood
17%
Stripped Dark Oak Wood
17%
Stripped Jungle Wood
17%
Stripped Oak Wood
17%
Stripped Spruce Wood
17%
Structure Block
17%
Warped Fungus
17%
Warped Nylium
17%
Warped Stem
17%
Wither Skeleton Skull
17%
Brain Coral Block
11%
Brain Coral Fan
11%
Bubble Coral Block
11%
Chiseled Nether Bricks
11%
Chiseled Stone Bricks
11%
Cobweb
11%
Colored Shulker Box
11%
Crimson Hyphae
11%
Crimson Roots
11%
Daylight Detector
11%
Dead Brain Coral
11%
Dead Brain Coral Fan
11%
Dead Bubble Coal
11%
Dead Bubble Coral Fan
11%
Dead Bush
11%
Dead Fire Coral
11%
Dead Fire Coral Fan
11%
Dead Horn Coral
11%
Dead Horn Coral Fan
11%
Dead Tube Coral
11%
Dead Tuble Coal Fan
11%
Detector Rail
11%
Dragon Egg
11%
End Rod
11%
Fire Coral Block
11%
Fire Coral Fan
11%
Horn Coral Block
11%
Horn Coral Fan
11%
Infested Chiseled Stone Bricks
11%
Infested Cobblestone
11%
Infested Cracked Stone Bricks
11%
Infested Mossy Stone Bricks
11%
Infested Stone
11%
Infested Stone Bricks
11%
Large Fern
11%
Lily Pad
11%
Lodestone
11%
Note Block
11%
Observer
11%
Polished Blackstone Bricks
11%
Powered Rail
11%
Red Nether Bricks
11%
Respawn Anchor
11%
Sea Pickle
11%
Shulker Box
11%
Smithing Table
11%
Smooth Quartz
11%
Snow Block
11%
Soul Fire
11%
Sponge
11%
Structure Void
11%
Sweet Berries
11%
Target
11%
Tube Coral Block
11%
Tube Coral Fan
11%
Turtle Egg
11%
Warped Hyphae
11%
Warped Roots
11%
Wet Sponge
11%
Cake
6%
Chiseled Polished Blackstone
6%
Chiseled Quartz Block
6%
Chorus Plant
6%
Composter
6%
Conduit
6%
Cracked Polished Blackstone Bricks
6%
Dead Brain Coral Block
6%
Dead Bubble Coral Block
6%
Dead Fire Coral Block
6%
Dead Horn Coral Block
6%
Dead Tuble Coral Block
6%
Polished Basalt
6%
Scaffolding
6%
Stripped Crimson Stem
6%
Stripped Warped Stem
6%
Warped Wart Block
6%
Cracked Nether Bricks
0%
Dried Kelp Block
0%
Nether Sprouts
0%
Stripped Warped Hyphae
0%
Strpped Crimson Hyphae
0%
Tall Seagrass
0%
No matching quizzes found
Score Distribution
Percent of People with Each Score
Percentile by Number Answered
Your Score History
You have not taken this quiz